| 000 | 00750nam a22002297a 4500 | ||
|---|---|---|---|
| 003 | OSt | ||
| 005 | 20150408114125.0 | ||
| 008 | 130313s 2009nju||||g |||| 00| 0 eng d | ||
| 020 | _a9780135070659 | ||
| 040 | _aMa-un | ||
| 082 |
_a338.5024658 _bK P M |
||
| 100 |
_aKeat, Paul G. _934186 |
||
| 245 |
_aManagerial economics : _beconomic tools for today's decision makers / _cPaul G. Keat, Philip K.Y. |
||
| 250 | _a6th ed. | ||
| 260 |
_aUpper Saddle River, N.J : _bPearson Education Internationa, _c2009. |
||
| 300 |
_a xxiii, 598 p. : _bill. ; _c26 cm. |
||
| 500 | _aIncludes index. | ||
| 500 | _aPearson International edition" -- Cover. | ||
| 650 |
_aManagerial economics _917821 |
||
| 700 |
_aYoung, Philip K. Y. _934187 |
||
| 942 |
_2ddc _cBOOK |
||
| 999 |
_c28946 _d263446 |
||